| 000 | 01051nam a22002657a 4500 | ||
|---|---|---|---|
| 005 | 20170124103046.0 | ||
| 010 | _aB-119781 | ||
| 020 | _c150.00 | ||
| 035 | _aB-119781 | ||
| 037 | _bCen Lib/Ret | ||
| 040 |
_aDPL _bHN |
||
| 082 |
_aउ _bनानक |
||
| 100 |
_aनानक सिंह _969104 |
||
| 245 |
_aपवित्र पापी / _cनानक सिंह; अनुवादक नीलम शर्मा |
||
| 246 |
_aPavitr papi / _bby Nanak Singh; anuvadak Neelam Sharma |
||
| 260 |
_aअमृतसर _bलोक साहित्य प्रकाशन _c2003 |
||
| 270 |
_a186, ग्रेन ऐवेन्यू _bपंजाब |
||
| 300 |
_a144पृ. _c18सेमी(सजिल्द) |
||
| 650 |
_aहिन्दी साहित्य _969105 |
||
| 650 |
_aहिन्दी -- उपन्यास _969106 |
||
| 650 |
_aHindi literature _969107 |
||
| 650 |
_aHindi -- Fiction _927248 |
||
| 700 |
_aशर्मा, नीलम _969108 |
||
| 942 |
_2ddc _cHN _hउ _mनानक |
||
| 999 |
_c116934 _d116934 |
||